Southville International School and Colleges
Your cart is empty.
  • Cart
  • Lists
    Public lists Eva Luna New books Lux_list list_1
    Your lists Log in to create your own lists
  • Log in to your account
  • Your cookies
  • Search history
Southville International School and Colleges
  • Advanced search
  • Recent comments
  • Most popular
  • Libraries

Log in to your account

Log in with GOOGLE


If you do not have an external account, but do have a local account, you can still log in:

  1. Home
  2. MARC view: Fundamentals of strategic management /
Normal view MARC view ISBD view

Fundamentals of strategic management / (Record no. 117676)

[ view plain ]
MARC details
000 -LEADER
fixed length control field 00546nam a2200181Ia 4500
008 - FIXED-LENGTH DATA ELEMENTS--GENERAL INFORMATION
fixed length control field 140529s9999 xx 000 0 und d
020 ## - INTERNATIONAL STANDARD BOOK NUMBER
International Standard Book Number 9789712348617
050 ## - LIBRARY OF CONGRESS CALL NUMBER
Classification number HD 30.28
Item number .Or64 2007
100 ## - MAIN ENTRY--PERSONAL NAME
Personal name Orcullo, N. A.
245 ## - TITLE STATEMENT
Title Fundamentals of strategic management /
Statement of responsibility, etc N. A. Orcullo, Jr.
260 ## - PUBLICATION, DISTRIBUTION, ETC. (IMPRINT)
Place of publication, distribution, etc Manila, Philippines :
Name of publisher, distributor, etc Rex Book Store, Inc.,
Date of publication, distribution, etc c2007.
300 ## - PHYSICAL DESCRIPTION
Extent 302 p. ;
Dimensions 22 cm.
500 ## - GENERAL NOTE
General note Includes appendices and index.
521 ## - TARGET AUDIENCE NOTE
Target audience note
650 ## - SUBJECT ADDED ENTRY--TOPICAL TERM
Topical term or geographic name as entry element Organizational effectiveness.
942 ## - ADDED ENTRY ELEMENTS (KOHA)
Call number prefix Local
Koha item type Books
Holdings
Withdrawn status Lost status Damaged status Home library Current library Shelving location Date acquired Cost, normal purchase price Total Checkouts Full call number Barcode Date last seen Price effective from Koha item type
      College Library College Library Filipiniana Section 05/30/2014 323.00   HD 30.28 .Or64 2007 C16806 05/08/2018 05/30/2014 Books

Fundamentals of strategic management /

APA

Orcullo N. A., . (2007). Fundamentals of strategic management. Manila, Philippines: Rex Book Store, Inc.

Chicago

Orcullo N A, . 2007. Fundamentals of strategic management. Manila, Philippines: Rex Book Store, Inc.

Harvard

Orcullo N. A., . (2007). Fundamentals of strategic management. Manila, Philippines: Rex Book Store, Inc.

MLA

Orcullo N A, . Fundamentals of strategic management. Manila, Philippines: Rex Book Store, Inc. 2007.

  • Place hold
  • Print
  • Cite
  • Add to your cart (remove)
  • Save record
    BIBTEX Dublin Core MARCXML MARC (non-Unicode/MARC-8) MARC (Unicode/UTF-8) MARC (Unicode/UTF-8, Standard) MODS (XML) RIS
  • More searches
    Search for this title in:
    Other Libraries (WorldCat) Other Databases (Google Scholar) Online Stores (Bookfinder.com) Open Library (openlibrary.org)

Exporting to Dublin Core...

SOUTHVILLE LIBRARY

Southville International School and Colleges Library

1281 Tropical Ave. Cor. Luxembourg St., BF Homes International, Las Pinas City

Tel. No. 8256374 / 252358 Loc. 117/146

Powered by Koha